000
00310nam a22001337a 4500
008
170911b xxu||||| |||| 00| 0 eng d
020
_a
9780072329094
041
_a
eng
080
_2
4TH
_a
53
100
_a
43
101
_a
FIZ
245
_a
MEASUREMENT BY THE PHYSICAL EDUCATOR
_c
MILLER,D.K
942
_2
udc
_c
BK
999
_c
27227
_d
27227